| 000 | 00628nam a2200217 a 4500 | ||
|---|---|---|---|
| 001 | BRCA_6358 | ||
| 005 | 20190321142928.0 | ||
| 008 | 220811s1918----gw-a######---#000-0#ger-# | ||
| 041 | _ager | ||
| 044 | _agw | ||
| 050 | 4 | _b.H63 1963 | |
| 100 | 1 |
_aHochstetter, Gustav _d1873- _915934 |
|
| 245 | 1 | 0 |
_aDas lustige Hundebuch _bTausend Vergnüglichkeiten in Wort u. Bild aus Hundeseele und Hundeleben _cvon Gustav Hochstetter. |
| 260 |
_aBerlín _bEysler _c1918 |
||
| 300 |
_a168 p. _bil. _c22 cm. |
||
| 500 | _aEstado físico: Camisa deteriorada | ||
| 500 | _aK150 | ||
| 650 | 1 | 4 |
_aPerros _915935 |
| 902 | _aGFM | ||
| 942 |
_2lcc _cB |
||
| 999 |
_c6044 _d6044 |
||